| 000 | 00352nam a2200133Ia 4500 | ||
|---|---|---|---|
| 008 | 240624s9999 xx 000 0 und d | ||
| 041 | _aeng | ||
| 082 | _a658.812 SHA | ||
| 100 | _aSHANKMAN PETER | ||
| 245 | _aZOMBIE LOYALISTS USING GREAT SERVICE TO | ||
| 260 |
_c2015 _aNew York _bPalgrave Macmillan |
||
| 300 | _avii, 248 p.; 23 cm. | ||
| 365 |
_c _b38 |
||
| 999 |
_c29178 _d29178 |
||